| 000 | 00454nam a22001577a 4500 | ||
|---|---|---|---|
| 003 | NUST - PNEC | ||
| 005 | 20170116180929.0 | ||
| 008 | 150905b xxu||||| |||| 00| 0 eng d | ||
| 020 | _a0675207657 | ||
| 040 | _cLIBRARY | ||
| 082 | _a621.314 KUL | ||
| 100 |
_98140 _aKulathinal, Joseph |
||
| 245 |
_aTransform analysis and electronic networks with applications _c Jopseph Kulathinal |
||
| 650 |
_98137 _aElectronic engineering _xEL, EE |
||
| 942 |
_2ddc _cBK |
||
| 999 |
_c65851 _d65851 |
||